00140 a2200073 450000100060000010000150000624500220002126000230004323756 aHicks, J.R aValue and capital abE.L.Bk Societyc